Statistics for Former czechoslovakia country quiz

Click here to take the quiz!

General Stats

  • This quiz has been taken 52 times
  • The average score is 7 of 11

Answer Stats

HintAnswer% Correct
Country that invaded it in 1938Nazi germany
100%
Capital CityPrague
100%
Official languagesCzech,Slovak
98%
Continent that it was inEurope
98%
IdeologySocialism
72%
Name of the pact it was inWarsaw Pact
72%
First leaderTomas Garrigue Masaryk
59%
Longest RiverElbe
52%
Last leaderVaclav Havel
50%
Tallest mountainGerlachovsky stit
28%
Biggest lakeOrava
9%

Score Distribution

Percentile by Number Answered

Percent of People with Each Score

Your Score History

You have not taken this quiz